| 000 | 01065nam a2200253 i 4500 | ||
|---|---|---|---|
| 001 | 154507 | ||
| 003 | ES-MaACL | ||
| 005 | 20230906205746.0 | ||
| 008 | 000529s1645 sp a |||| | spa d | ||
| 040 |
_aEUS _bspa _cEUS |
||
| 100 | 1 |
_aGóngora y Argote, Luis de. _958246 |
|
| 245 | 1 | 0 |
_aObras de don Luis de Gongora _b: comentada ... / _cpor don Garcia de Salcedo Coronel ... ; tomo segundo ; primera parte. |
| 260 |
_a[Madrid] : _ba costa de Pedro Laso ... : _ben Madrid por Diego Diaz de la Carrera, _c[1645?] |
||
| 300 |
_a[20], 784 [i.e. 754], [18] p. : _bil. ; _c4º. |
||
| 594 | _aSegunda mención de parte de antep. | ||
| 596 | _aFecha de la tasa 1645 (enero) | ||
| 597 | 1 | _aSign.: [ ]2, 3*8, A-Z8, Aa-Zz8, Aa-Bb8, Cc2. | |
| 597 | _aErrores de pag., de p. 635 pasa a 666. | ||
| 597 | _aAntep. | ||
| 599 | 1 | _aPortada calcográfica: "Fran.co Nauarro Ft." | |
| 700 | 1 |
_aSalcedo Coronel, García de. _9132328 |
|
| 700 | 1 |
_aLaso, Pedro. _9128723 |
|
| 852 |
_aES-MaACL _jR-1453-54 _z-- Enc. pasta española _q-- Falto de antep. _x Olim: G-13687-88 |
||
| 999 |
_c154507 _d154507 |
||